|
|
|
|
| LEADER |
00000nam a22000007a 4500 |
| 005 |
20210515005316.0 |
| 007 |
cr|||| |||| |
| 008 |
210515s2017 co |||||s|||| 00||0 spa d |
| 020 |
|
|
|a 978-958-741-868-2
|
| 035 |
|
|
|a 33367
|
| 040 |
|
|
|a vLex
|
| 090 |
|
|
|c 11677
|d 11677
|
| 100 |
1 |
|
|a Arcila Caldern̤, Carlos
|
| 245 |
1 |
0 |
|a Manual de teora̕ de la comunicacin̤
|h [Recurso electrn̤ico] :
|b II. Pensamientos latinoamericanos /
|c Carlos Arcila Caldern̤, Alejandro Barranquero Carretero, Jess︢ Arroyave Cabrera
|
| 256 |
|
|
|a Servicio en ln̕ea
|
| 260 |
|
|
|a Bogot:̀
|b Ediciones de la U,
|c 2017
|
| 300 |
|
|
|a 1 recurso electrn̤ico
|
| 500 |
|
|
|a Este segundo volumen recorre la historia de la teora̕ de la comunicacin̤ a partir de los aportes ter̤icos de Amřica Latina en este campo. Los autores analizan las influencias de los paradigmas estadounidense y europeo sobre la regin̤, y observan cm̤o el subcontinente intenta readaptar o suprimir estos aportes, en especial en un periodo como el de la segunda mitad del siglo XX en el que la lucha emocional e identitaria por lo propio comienza a determinar los rasgos de un pensamiento autn̤omo y diferenciado de otras regiones. El libro se divide en dos partes. La primera est ̀dedicada a la contextualizacin̤ histr̤ica de la investigacin̤. La segunda aborda la investigacin̤ en Latinoamřica a partir de tres grandes ejes: intelectual, institucional y biogrf̀ico. El enfoque intelectual da cuenta de las principales ideas, paradigmas y aproximaciones ter̤ico-conceptuales que conforman los pensamientos latinoamericanos durante la segunda mitad del siglo XX. En el enfoque institucional se describen las instituciones que jugaron un papel trascendental tanto en el surgimiento de estos pensamientos como en la conformacin̤ de sus principales rasgos intelectuales. Finalmente, el enfoque biogrf̀ico hace referencia a la vida y obra de algunos de los intelectuales ms̀ influyentes de la regin̤.
|
| 506 |
1 |
|
|a Disponible solo en los productos indicados
|d vLex Global
|d vLex Global (Academic Edition, excluding Law Schools)
|d vLex Global (U.S. Academic Edition, Law Schools)
|d vLex Global (U.S. Academic Edition, excluding Law Schools)
|d vLex Global (Academic Edition, Law Schools)
|
| 650 |
0 |
4 |
|a Ciencias sociales
|z Colombia
|
| 700 |
1 |
|
|a Barranquero Carretero, Alejandro
|
| 700 |
1 |
|
|a Arroyave Cabrera, Jess︢
|
| 740 |
0 |
|
|a vLex Libros (Servicio en ln̕ea)
|
| 856 |
4 |
0 |
|u https://vlex.com/source/manual-de-teoria-de-la-comunicacion-ii-pensamientos-latinoamericanos-33367
|z Acceso restringido
|
| 942 |
|
|
|c BOOK
|
| 999 |
0 |
|
|a Social Sciences
|